1237 1531 1064 1894 1217 1166 1372 1799 1832 1704 1816 1730 1714 1228 1496 1314 1403 1634 1938 1999 1498 1772 1551 1786 1211 1009 1653 1576 1873 1271 1602 1102 1432 1471 1264 1524 1635 1632 1866 1567 1907 1103 1315 1926 1484 1558 1784 1090 1397 1585 1032 1422 1404 1853 1471 1346 1997 1937 1129 1501 1060 1699 1719 1059 1351 1776 1753 1050 1253 1427 1323 1102 1223 1633 1902 1965 1192 1807 1453 1026 1509 1188 1001 1419 1143 1979 1620 1787 1119 1195 1554 1984 1825 1658 1656 1082 1488 1427 1510 BCNSPRNW ULIB Ver.6.0+V

เปลี่ยนเป็นภาษาไทย

Change to English
 แสดงรายละเอียดบรรณานุกรม
  กลับหน้าหลัก

Brief Record : Get Marc (ISO 2709) : E-mail record : QR code < ปิดหน้าต่าง
LEADER : 00000nam 2200000uu 4500
001    13399128672
003     ULIB
008    230928s||||||||th 000 0 tha d
020    ^a9786163812599
060    ^aWS440^bท521น
110    ^aทีมวิชาการ Life Balance
245    ^aนิทานสร้างเสริมสุขนิสัยเล่มแรกของหนู หนูดีไม่ยอมนอน
250    ^aพิมพ์ครั้งที่ 1
260    ^aกรุงเทพฯ :^bLife Balance,^cม.ป.ป.
300    ^a24 หน้า;^c19 ซม.
650    ^aนิทานเด็ก
650    ^aเด็ก-พัฒนาการ
945    ^p49^l0^i30044
999    ^aกัณชพร จุลอักษร
รายการนี้ยังไม่มีแท็ก
คุณยังไม่ได้ล็อกอิน คุณสามารถมีกิจกรรมร่วมกับเว็บไซต์ได้ แต่ต้องล็อกอินก่อน ::
  ล็อกอิน

รายการสื่อสารสนเทศ

ลำดับที่ ประเภท เลขเรียก/บาร์โค้ด สถานที่ สถานะ
1. วิทยาศาสตร์การแพทย์ และสุขภาพ
วิทยาศาสตร์การแพทย์ และสุขภาพ
WS440 ท521น ฉ.1 
  Barcode: 30044
ห้องสมุดวิทยาเขตนครสวรรค์
►หนังสือทั่วไป:l:General Books
บนชั้น

รายการใกล้เคียง
    ชื่อเรื่อง [นิทานสร้างเสริมสุขนิสัยเล่มแรกของหนู หนูดีไม่ยอมนอน]

    หัวเรื่อง [นิทานเด็ก]
    หัวเรื่อง [เด็ก-พัฒนาการ]

BibComment


ยังไม่เคยถูกคอมเมนท์

คอมเมนท์ทรัพยากรรายการนี้
  คอมเมนท์: นิทานสร้างเสริมส..


 Copyright 2026. Bcnsprnw @Library